[Event "Corbins Lleida Nadal op"]
[Site "Corbins"]
[Date "2023.12.28"]
[Round "3"]
[White "Quintas Galeano, Lluis"]
[Black "Garcia Millan, Hector"]
[Result "1-0"]
[WhiteElo "2092"]
[BlackElo "1719"]
[PlyCount "107"]
[EventDate "2023.12.27"]
[EventType "swiss"]
[EventRounds "8"]
[EventCountry "ESP"]
[SourceTitle "CB02_2024"]
[SourceDate "2024.01.10"]
[SourceVersion "1"]
[SourceVersionDate "2024.01.10"]
[SourceQuality "1"]

1. e4 c6 2. Nf3 d5 3. exd5 cxd5 4. Ne5 Nf6 5. d4 a6 6. Bd3 Nc6 7. c3 g6 8. 0-0 Bg7 9. Re1 0-0 10. Nd2 Nxe5 11. dxe5 Nd7 12. Nf3 Nc5 13. Bc2 Bg4 14. h3 Bxf3 15. Qxf3 e6 16. Be3 Rc8 17. Bd4 Nd7 18. Qe3 Nb8 19. f4 Nc6 20. Bb6 Qh4 21. Kh2 Rfe8 22. g3 Qe7 23. Ba4 f6 24. exf6 Bxf6 25. Rad1 Qf7 26. Bb3 Bd8 27. Bxd8 Rcxd8 28. Ba4 b5 29. Qb6 Qd7 30. Bb3 Qa7 31. Qxa7 Nxa7 32. a4 Kf7 33. axb5 axb5 34. Ra1 Ra8 35. Ra6 Re7 36. Rexe6 Rae8 37. Rxe7+ Rxe7 38. Bxd5+ Kg7 39. b3 Rc7 40. c4 bxc4 41. bxc4 Nc8 42. Rc6 Rxc6 43. Bxc6 Kf6 44. Kg2 Ke7 45. Kf3 Kd6 46. Bd5 Ne7 47. Ke4 Nf5 48. g4 Nh4 49. Kd4 h6 50. c5+ Kd7 51. Ke5 Ke7 52. c6 Kd8 53. Kd6 h5 54. c7+ 1-0

[Event "Vallfogona de Balaguer Farre Mem 2nd"]
[Site "Vallfogona de Balaguer"]
[Date "2023.05.13"]
[Round "5"]
[White "Lopez Minguella, Armand"]
[Black "Garcia Millan, Hector"]
[Result "0-1"]
[WhiteElo "1876"]
[BlackElo "1688"]
[PlyCount "99"]
[EventDate "2023.04.15"]
[EventType "swiss"]
[EventRounds "8"]
[EventCountry "ESP"]
[SourceTitle "EXT 2024"]
[Source "ChessBase"]
[SourceDate "2023.10.10"]
[SourceVersion "1"]
[SourceVersionDate "2023.10.10"]
[SourceQuality "1"]

1. e4 c6 2. Nc3 d5 3. Nf3 dxe4 4. Nxe4 Nf6 5. Nxf6+ exf6 6. d4 Bd6 7. Bc4 0-0 8. 0-0 Re8 9. c3 b5 10. Bd3 Nd7 11. a4 b4 12. Qc2 Nf8 13. cxb4 Bxb4 14. h3 Be6 15. Bc4 Bd5 16. Bxd5 cxd5 17. Bd2 Rc8 18. Qd3 Qd6 19. Rfc1 Ne6 20. g3 a5 21. Rc2 Rxc2 22. Qxc2 Rb8 23. Rc1 Bxd2 24. Qxd2 Qb6 25. Qc3 h6 26. Rd1 Qxb2 27. Rc1 Qb4 28. Kg2 Qxc3 29. Rxc3 Rb4 30. Ra3 Nxd4 31. Nxd4 Rxd4 32. Kf3 Re4 33. Rd3 Rxa4 34. Rxd5 g6 35. Kg2 Ra2 36. Rd7 f5 37. Ra7 a4 38. Kg1 g5 39. f4 Kg7 40. Ra6 a3 41. Kh1 f6 42. Kg1 Kg6 43. Kh1 h5 44. Kg1 h4 45. gxh4 g4 46. hxg4 fxg4 47. Ra5 f5 48. Ra8 g3 49. Kh1 Kh5 50. Rg8 0-1

[Event "Vallfogona de Balaguer Farre Mem 2nd"]
[Site "Vallfogona de Balaguer"]
[Date "2023.04.22"]
[Round "2"]
[White "Garcia Millan, Hector"]
[Black "Ribera Pane, Jaume"]
[Result "0-1"]
[WhiteElo "1688"]
[BlackElo "2070"]
[PlyCount "121"]
[EventDate "2023.04.15"]
[EventType "swiss"]
[EventRounds "8"]
[EventCountry "ESP"]
[SourceTitle "EXT 2024"]
[Source "ChessBase"]
[SourceDate "2023.10.10"]
[SourceVersion "1"]
[SourceVersionDate "2023.10.10"]
[SourceQuality "1"]

1. d4 Nf6 2. c4 g6 3. h4 Bg7 4. Nc3 d5 5. h5 Nxh5 6. cxd5 c6 7. e4 cxd5 8. e5 Nc6 9. g4 Nf6 10. exf6 Bxf6 11. Bb5 e6 12. Nf3 Qb6 13. Be3 a6 14. Bxc6+ bxc6 15. Qd2 Be7 16. Na4 Qb5 17. Nc5 Rb8 18. b3 Bxc5 19. dxc5 Qb4 20. Bd4 0-0 21. Ne5 f6 22. Nxc6 Qxd2+ 23. Kxd2 Rb7 24. f4 Rc7 25. Nb4 e5 26. fxe5 fxe5 27. Bxe5 Rf2+ 28. Kc3 Rcf7 29. Rad1 R7f3+ 30. Rd3 Bxg4 31. Rxf3 Bxf3 32. Rh3 a5 33. Nd3 Rf1 34. c6 d4+ 35. Bxd4 Bxc6 36. Rh2 Bb5 37. Rf2 Rd1 38. Rd2 Rh1 39. a4 Ba6 40. Bb6 Rh5 41. Nf4 Rf5 42. Nd5 Rf3+ 43. Ne3 h5 44. Rg2 Kf7 45. Kb2 Bb7 46. Re2 h4 47. Ng4 Rg3 48. Rf2+ Ke7 49. Ne3 h3 50. Nd1 Bg2 51. Re2+ Kd7 52. Nf2 Bd5 53. Be3 h2 54. Rd2 Rxe3 55. Rxd5+ Kc6 56. Rd2 Re1 57. Rc2+ Kb6 58. Rd2 Rf1 59. Nh1 Rxh1 60. Rg2 Rb1+ 61. Kc2 0-1

[Event "Lleida Christmas op"]
[Site "Lleida"]
[Date "2022.12.28"]
[Round "3"]
[White "Barranco Mananet, Fernando"]
[Black "Garcia Millan, Hector"]
[Result "1-0"]
[WhiteElo "2005"]
[BlackElo "1643"]
[PlyCount "51"]
[EventDate "2022.12.27"]
[EventType "swiss"]
[EventRounds "8"]
[EventCountry "ESP"]
[SourceTitle "CBM 212 Extra"]
[Source "ChessBase"]
[SourceDate "2023.03.31"]
[SourceVersion "1"]
[SourceVersionDate "2023.03.31"]
[SourceQuality "1"]

1. e4 c6 2. Nc3 d5 3. Nf3 dxe4 4. Nxe4 Nf6 5. Qe2 Nxe4 6. Qxe4 Qa5 7. Bc4 Bf5 8. Qf4 e6 9. c3 Be7 10. 0-0 0-0 11. d4 Nd7 12. Qg3 Nf6 13. Ne5 Ne4 14. Qf3 Rad8 15. g4 f6 16. gxf5 fxe5 17. Qxe4 Kh8 18. Qxe5 b5 19. Bxe6 Bd6 20. Qe4 Qc7 21. Qh4 Rde8 22. Bg5 h6 23. Rae1 Rxe6 24. Rxe6 Rxf5 25. Bxh6 gxh6 26. Qxh6+ 1-0

[Event "Sabadell Coral Colon op 13th"]
[Site "Sabadell"]
[Date "2019.02.22"]
[Round "1"]
[White "Barba Rios, Enric"]
[Black "Garcia Millan, Hector"]
[Result "1-0"]
[WhiteElo "1963"]
[BlackElo "1639"]
[PlyCount "98"]
[EventDate "2019.02.22"]
[EventType "swiss"]
[EventRounds "8"]
[EventCountry "ESP"]
[SourceTitle "CBM 190 Extra"]
[Source "ChessBase"]
[SourceDate "2019.07.15"]
[SourceVersion "1"]
[SourceVersionDate "2019.07.15"]
[SourceQuality "1"]

1. e4 c5 2. Nf3 Nc6 3. c3 d6 4. d4 cxd4 5. cxd4 Bg4 6. Bb5 a6 7. Bxc6+ bxc6 8. Qa4 Qb6 9. Nbd2 Qb5 10. Qxb5 axb5 11. 0-0 g6 12. b4 Bg7 13. e5 f6 14. Bb2 fxe5 15. dxe5 d5 16. Rfc1 Rc8 17. Rc5 e6 18. Rac1 Ne7 19. h3 Bf5 20. g4 Bd3 21. Ng5 Kd7 22. Nf7 Rhf8 23. Nd6 Ra8 24. a3 Bh6 25. R1c3 Bc4 26. Nb3 Bf4 27. Rf3 Bh2+ 28. Kg2 Bf1+ 29. Kxf1 Rxf3 30. Nd2 Rxh3 31. Kg2 Rd3 32. Nf1 Bf4 33. Rc2 h5 34. Nb7 Rd1 35. Nc5+ Ke8 36. Nxe6 Bxe5 37. Bxe5 Rxa3 38. Ne3 Rb1 39. gxh5 gxh5 40. Ng7+ Kf7 41. Nxh5 Ng6 42. Bg3 d4 43. Nf1 Raa1 44. Nh2 d3 45. Rd2 Rb3 46. Kf3 Raa3 47. Bd6 Ke6 48. Nf4+ Nxf4 49. Bxf4 Rxb4 1-0

[Event "Foment Martinenc op-B 20th"]
[Site "Barcelona"]
[Date "2018.06.16"]
[Round "9"]
[White "Garcia Millan, Hector"]
[Black "Genoves Dexeus, David"]
[Result "0-1"]
[WhiteElo "1638"]
[BlackElo "1582"]
[PlyCount "74"]
[EventDate "2018.04.21"]
[EventType "swiss"]
[EventRounds "9"]
[EventCountry "ESP"]
[SourceTitle "CBM 184 Extra"]
[Source "ChessBase"]
[SourceDate "2018.06.28"]
[SourceVersion "1"]
[SourceVersionDate "2018.06.28"]
[SourceQuality "1"]

1. e4 e5 2. Nf3 Nf6 3. Nxe5 d6 4. Nf3 Nxe4 5. c4 Bf5 6. d3 Nf6 7. d4 Nbd7 8. Nh4 Bxb1 9. Rxb1 Be7 10. Bd3 c5 11. Nf5 0-0 12. d5 Re8 13. 0-0 b5 14. b3 Rb8 15. cxb5 Nxd5 16. Qg4 g6 17. Nh6+ Kf8 18. f4 N7f6 19. Qg3 Nc3 20. Rb2 Nxb5 21. f5 Nh5 22. Qg4 Nf6 23. fxg6 hxg6 24. Bxg6 Nd4 25. Qg3 Qb6 26. Nxf7 Bd8 27. Rxf6 Bxf6 28. Bh6+ Ke7 29. Qe3+ Ne6 30. Re2 c4 31. Ng5 Bd4 32. Kf1 Bxe3 33. Nxe6 Kxe6 34. Rxe3+ Kd7 35. Bf5+ Kc7 36. Rc3 Qa5 37. Rxc4+ Kb6 0-1

[Event "Foment Martinenc op-B 20th"]
[Site "Barcelona"]
[Date "2018.05.26"]
[Round "6"]
[White "Garcia Millan, Hector"]
[Black "Zubimendi Felip, Ricard"]
[Result "0-1"]
[WhiteElo "1638"]
[BlackElo "1580"]
[PlyCount "74"]
[EventDate "2018.04.21"]
[EventType "swiss"]
[EventRounds "9"]
[EventCountry "ESP"]
[SourceTitle "CBM 184 Extra"]
[Source "ChessBase"]
[SourceDate "2018.06.28"]
[SourceVersion "1"]
[SourceVersionDate "2018.06.28"]
[SourceQuality "1"]

1. e4 c5 2. Nf3 Nc6 3. d4 cxd4 4. Nxd4 Nf6 5. Nc3 d6 6. f3 Bd7 7. Be3 e6 8. Qd2 Nxd4 9. Bxd4 a6 10. a3 e5 11. Be3 b5 12. Be2 Be7 13. Bg5 Qb6 14. Bxf6 Bxf6 15. Nd5 Qd8 16. 0-0-0 Bg5 17. f4 exf4 18. Bf3 0-0 19. Kb1 a5 20. Nxf4 Ra6 21. g3 Qb8 22. h4 Bf6 23. Nd5 Be5 24. Be2 Ra7 25. c3 Be6 26. h5 h6 27. g4 Bxd5 28. exd5 b4 29. Ka2 Bf6 30. Rhf1 Bg5 31. Qd3 Re8 32. Rf3 Rae7 33. Rf2 bxc3 34. bxc3 Qc7 35. Qc4 Rxe2+ 36. Qxe2 Rxe2+ 37. Rxe2 Qc4+ 0-1